Proven energy (Record no. 120569)

MARC details
000 -LEADER
fixed length control field 00665cam a2200181 4500
001 - CONTROL NUMBER
control field L136299
008 - FIXED-LENGTH DATA ELEMENTS--GENERAL INFORMATION
fixed length control field 070123n 000 0 eng u
035 ## - SYSTEM CONTROL NUMBER
System control number (Sirsi) u136299
041 0# - LANGUAGE CODE
Language code of text/sound track or separate title eng
110 2# - MAIN ENTRY--CORPORATE NAME
Corporate name or jurisdiction name as entry element Proven Energy Ltd
245 00 - TITLE STATEMENT
Title Proven energy
520 ## - SUMMARY, ETC.
Summary, etc. Information on the products and services offered by Proven Energy Ltd, producers of small-scale wind turbines. Included are details of customers and FAQs.
590 ## - LOCAL NOTE (RLIN)
Local note KA
651 #4 - SUBJECT ADDED ENTRY--GEOGRAPHIC NAME
Geographic name International
690 ## - LOCAL SUBJECT ADDED ENTRY--TOPICAL TERM (OCLC, RLIN)
Topical term or geographic name as entry element ENVIRONMENTAL AND LAND CONSULTANCY-ENERGY-RENEWABLE ENERGY
856 40 - ELECTRONIC LOCATION AND ACCESS
Uniform Resource Identifier <a href="https://www.provenenergy.co.uk/">https://www.provenenergy.co.uk/</a>
Public note View the website free of charge at www.provenenergy.co.uk...
942 ## - ADDED ENTRY ELEMENTS (KOHA)
Suppress in OPAC 0
Holdings
Withdrawn status Lost status Source of classification or shelving scheme Damaged status Not for loan Home library Current library Shelving location Date acquired Total Checkouts Full call number Barcode Date last seen Copy number Price effective from Koha item type
    Dewey Decimal Classification     Virtual Virtual Online 23/01/2007   WEB SITE 136299-1001 06/08/2019 1 06/08/2019 Online material